书目信息 |
| 题名: |
润泽教育晴空
|
|
| 作者: | 李晶 著 | |
| 分册: | ||
| 出版信息: | 北京 北京教育出版社 2021.05 |
|
| 页数: | 335页 | |
| 开本: | 24cm | |
| 丛书名: | 新时代教育丛书 | |
| 单 册: | ||
| 中图分类: | G632.0-53 | |
| 科图分类: | ||
| 主题词: | 中学教育--教育研究--文集 | |
| 电子资源: | ||
| ISBN: | 978-7-5704-3284-4 | |
| 000 | 00852nam0 2200253 450 | |
| 001 | 012001000469 | |
| 005 | 20141201144017.0 | |
| 010 | @a978-7-5704-3284-4@dCNY68.00 | |
| 100 | @a20220905d2021 em y0chiy50 ea | |
| 101 | 0 | @achi |
| 102 | @aCN@b110000 | |
| 105 | @ay z 000yy | |
| 106 | @ar | |
| 200 | 1 | @a润泽教育晴空@Arun ze jiao yu qing kong@f李晶著 |
| 210 | @a北京@c北京教育出版社@d2021.05 | |
| 215 | @a335页@d24cm | |
| 225 | 1 | @a新时代教育丛书@i名校长系列 |
| 300 | @a校长智库 | |
| 330 | @a本书收录了李晶校长从教30余载,从一名普通数学教师成长为学校党委书记、校长各个时期的文章60篇,内容涵盖专业成长、班级管理、教育感悟、教研思考、学校管理、教育改革等方面。 | |
| 606 | 0 | @a中学教育@x教育研究@j文集 |
| 690 | @aG632.0-53@v5 | |
| 701 | 0 | @a李晶@Ali jing@c(女)@4著 |
| 801 | 0 | @aCN@bAHXH@c20221111 |
| 905 | @b1369393-7@dG632.0-53@e1439@f5 | |
| 润泽教育晴空/李晶著.-北京:北京教育出版社,2021.05 |
| 335页;24cm.-(新时代教育丛书.名校长系列) |
| 校长智库 |
| ISBN 978-7-5704-3284-4:CNY68.00 |
| 本书收录了李晶校长从教30余载,从一名普通数学教师成长为学校党委书记、校长各个时期的文章60篇,内容涵盖专业成长、班级管理、教育感悟、教研思考、学校管理、教育改革等方面。 |
| ● |
| 相关链接 |
|
|
|
|
正题名:润泽教育晴空
索取号:G632.0-53/1439
 
预约/预借
| 序号 | 登录号 | 条形码 | 馆藏地/架位号 | 状态 | 备注 |
| 1 | 1369393 | 213693939 | 第一样本阅览室/ [索取号:G632.0-53/1439] | 在馆 | |
| 2 | 1369394 | 213693948 | 教育系资料室/ [索取号:G632.0-53/1439] | 在馆 | |
| 3 | 1369395 | 213693957 | 教育系资料室/ [索取号:G632.0-53/1439] | 在馆 | |
| 4 | 1369396 | 213693966 | 第四借阅区/ [索取号:G632.0-53/1439] | 在馆 | |
| 5 | 1369397 | 213693975 | 第四借阅区/ [索取号:G632.0-53/1439] | 在馆 |